000 00293nam a2200121Ia 4500
005 20251222143251.0
008 251222s9999||||xx |||||||||||||| ||spa||
082 _a287.7/K53
100 _aKampmann, Theoderich
245 0 _aKierkegaard como educador religioso
264 _bCSIC
942 _cLIB
999 _c14958
_d14958